[Event "Hillerod Vinhuset Stoltz op"]
[Site "Hillerod"]
[Date "2019.10.22"]
[Round "7"]
[White "Andersen, Lene"]
[Black "Hviid, Hans Henrik"]
[Result "1-0"]
[WhiteElo "1092"]
[BlackElo "1141"]
[PlyCount "39"]
[EventDate "2019.09.24"]
[EventType "swiss"]
[EventRounds "7"]
[EventCountry "DEN"]
[SourceTitle "EXT 2021"]
[Source "ChessBase"]
[SourceDate "2020.10.23"]
[SourceVersion "1"]
[SourceVersionDate "2020.10.23"]
[SourceQuality "1"]

1. e4 e5 2. Nf3 Nf6 3. Nc3 b6 4. Nxe5 Bb4 5. Bc4 Bxc3 6. Nxf7 Ke7 7. Nxd8 Kxd8 8. Qf3 Bb7 9. dxc3 Bxe4 10. Qg3 Nh5 11. Qh4+ Kc8 12. Qxe4 Nf6 13. Qxa8 Re8+ 14. Be3 Ne4 15. Ba6+ Kd8 16. Qxb8+ Ke7 17. Qb7 Nd6 18. Qxc7 Rd8 19. Rd1 Nc4 20. Qxc4 1-0

[Event "Hillerod Vinhuset Stoltz op"]
[Site "Hillerod"]
[Date "2019.10.15"]
[Round "6"]
[White "Hviid, Hans Henrik"]
[Black "Nielsen, Benny1111"]
[Result "0-1"]
[WhiteElo "1141"]
[BlackElo "1230"]
[PlyCount "31"]
[EventDate "2019.09.24"]
[EventType "swiss"]
[EventRounds "7"]
[EventCountry "DEN"]
[SourceTitle "EXT 2021"]
[Source "ChessBase"]
[SourceDate "2020.10.23"]
[SourceVersion "1"]
[SourceVersionDate "2020.10.23"]
[SourceQuality "1"]

1. e4 e5 2. Nf3 Nc6 3. Nc3 a6 4. g3 Bc5 5. d4 exd4 6. Na4 Ba7 7. Nxd4 b5 8. Nxc6 Bxf2+ 9. Kxf2 Qf6+ 10. Bf4 Qxc6 11. Nc3 Bb7 12. Bg2 Nf6 13. Qd3 Ng4+ 14. Kf3 f5 15. Qd5 Qb6 16. Qxf5 0-1

[Event "Hillerod CC-ch D"]
[Site "Hillerod"]
[Date "2019.03.09"]
[Round "5"]
[White "Nielsen, Benny"]
[Black "Hviid, Hans Henrik"]
[Result "1-0"]
[WhiteElo "1230"]
[BlackElo "1184"]
[PlyCount "113"]
[EventDate "2019.01.08"]
[EventType "swiss"]
[EventRounds "7"]
[EventCountry "DEN"]
[SourceTitle "EXT 2024"]
[Source "ChessBase"]
[SourceDate "2023.10.10"]
[SourceVersion "1"]
[SourceVersionDate "2023.10.10"]
[SourceQuality "1"]

1. e4 e5 2. Nf3 d6 3. Nc3 Nf6 4. d3 Nc6 5. Be2 Be7 6. 0-0 0-0 7. h3 Nh5 8. Nd5 g6 9. Nxe7+ Qxe7 10. Nh2 f5 11. Bxh5 gxh5 12. Qxh5 fxe4 13. dxe4 Qf7 14. Qxf7+ Rxf7 15. f3 Rg7 16. Ng4 h5 17. Nf2 b6 18. c3 Na5 19. b3 Ba6 20. c4 b5 21. cxb5 Bxb5 22. Rd1 Be2 23. Kh2 Bxd1 24. Nxd1 Kh7 25. Ne3 Rag8 26. g4 hxg4 27. Nxg4 Nc6 28. Bb2 Nb4 29. Nf6+ Kg6 30. Nxg8 Rxg8 31. Rg1+ Kf7 32. Rxg8 Kxg8 33. a3 Nd3 34. Bc3 Nf4 35. Kg3 Ne2+ 36. Kg4 Nxc3 37. a4 a5 38. Kf5 Kf7 39. h4 c5 40. h5 Ne2 41. h6 Ng3+ 42. Kg5 Kg8 43. Kf6 Kh7 44. Ke6 Kxh6 45. Kxd6 Kg5 46. Kxe5 Ne2 47. f4+ Nxf4 48. Kd6 Nd3 49. e5 Kf5 50. e6 c4 51. bxc4 Nb4 52. e7 Na6 53. e8Q Kf4 54. Qe5+ Kf3 55. Qc3+ Ke4 56. Qxa5 Kd4 57. Qxa6 1-0

[Event "Hillerod CC-ch D"]
[Site "Hillerod"]
[Date "2019.02.25"]
[Round "4"]
[White "Christoffersen, Micki Aron"]
[Black "Hviid, Hans Henrik"]
[Result "1/2-1/2"]
[WhiteElo "1396"]
[BlackElo "1184"]
[PlyCount "84"]
[EventDate "2019.01.08"]
[EventType "swiss"]
[EventRounds "7"]
[EventCountry "DEN"]
[SourceTitle "EXT 2024"]
[Source "ChessBase"]
[SourceDate "2023.10.10"]
[SourceVersion "1"]
[SourceVersionDate "2023.10.10"]
[SourceQuality "1"]

1. c4 e5 2. Nc3 Nf6 3. e4 Bb4 4. d3 0-0 5. Nf3 Nc6 6. Be2 a6 7. 0-0 Bxc3 8. bxc3 d6 9. Bb2 b5 10. cxb5 axb5 11. d4 Ba6 12. Qc2 Re8 13. Rfd1 exd4 14. Nxd4 Nxd4 15. cxd4 Nxe4 16. Bf3 d5 17. Bxe4 Rxe4 18. Re1 Qe7 19. Rxe4 dxe4 20. Qc6 Qe8 21. Qxc7 Rc8 22. Qf4 g6 23. d5 f5 24. d6 Rd8 25. Rc1 Qe6 26. Qh6 Qf7 27. Rc7 Qxc7 28. g3 Rxd6 29. Ba3 Rd1+ 30. Kg2 Qf7 31. h4 Ra1 32. Qd2 Rxa2 33. Qd8+ Kg7 34. Qd4+ Qf6 35. Qa7+ Kh6 36. Qe3+ g5 37. hxg5+ Qxg5 38. Qb3 Rxa3 39. Qxa3 Qd2 40. Qxa6+ Kg5 41. Qe6 Qd3 42. Qe7+ Kh5 1/2-1/2

[Event "Hillerod CC-ch D"]
[Site "Hillerod"]
[Date "2019.02.13"]
[Round "3"]
[White "Hviid, Hans Henrik"]
[Black "Cederholm, Magni"]
[Result "0-1"]
[WhiteElo "1184"]
[BlackElo "1051"]
[PlyCount "56"]
[EventDate "2019.01.08"]
[EventType "swiss"]
[EventRounds "7"]
[EventCountry "DEN"]
[SourceTitle "EXT 2024"]
[Source "ChessBase"]
[SourceDate "2023.10.10"]
[SourceVersion "1"]
[SourceVersionDate "2023.10.10"]
[SourceQuality "1"]

1. e4 e5 2. d3 Bc5 3. Nf3 Nc6 4. d4 exd4 5. Nxd4 Nf6 6. Nxc6 bxc6 7. Bg5 h6 8. Bh4 d5 9. f3 0-0 10. Nd2 Qd6 11. Bg3 Qe6 12. Nb3 Bb6 13. e5 c5 14. Qe2 Nd7 15. Bf2 c4 16. Bxb6 Qxb6 17. Qd2 cxb3 18. Qxd5 bxc2 19. Qxa8 Bb7 20. Qxf8+ Kxf8 21. Bd3 Qe3+ 22. Kf1 Qxd3+ 23. Kf2 Qd2+ 24. Kg3 Nxe5 25. Rac1 Qg5+ 26. Kf2 Nd3+ 27. Ke2 Nxc1+ 28. Rxc1 Qxc1 0-1

[Event "Hillerod CC-ch D"]
[Site "Hillerod"]
[Date "2019.01.20"]
[Round "1"]
[White "Hviid, Hans Henrik"]
[Black "Andersen, Lene"]
[Result "1-0"]
[WhiteElo "1184"]
[BlackElo "1000"]
[PlyCount "69"]
[EventDate "2019.01.08"]
[EventType "swiss"]
[EventRounds "7"]
[EventCountry "DEN"]
[SourceTitle "EXT 2024"]
[Source "ChessBase"]
[SourceDate "2023.10.10"]
[SourceVersion "1"]
[SourceVersionDate "2023.10.10"]
[SourceQuality "1"]

1. e4 Nf6 2. d3 e5 3. Nf3 Nc6 4. g3 d5 5. Nc3 Bc5 6. exd5 Na5 7. Ne4 b6 8. a3 Qxd5 9. b4 Bd4 10. c3 Bxc3+ 11. Nxc3 Qd6 12. bxa5 bxa5 13. Bg2 Bf5 14. Nxe5 Qxe5+ 15. Be4 Qxc3+ 16. Bd2 Qe5 17. 0-0 Bh3 18. Re1 Rd8 19. Bc6+ Nd7 20. Rxe5+ Be6 21. Rxa5 0-0 22. Rxa7 Bh3 23. Rxc7 Ne5 24. Bb5 Rd5 25. Qe2 f6 26. Bc4 Rfd8 27. Bxd5+ Rxd5 28. Qh5 h6 29. Qxh3 Nf3+ 30. Kg2 Nxd2 31. Qe6+ Kh7 32. Qxd5 Kg6 33. Qf7+ Kf5 34. Rc5+ Kg4 35. Qg6# 1-0

[Event "Skjold Burne Hillerod op"]
[Site "Hillerod"]
[Date "2018.10.16"]
[Round "6"]
[White "Rasmussen, Bjarne"]
[Black "Hviid, Hans Henrik"]
[Result "1/2-1/2"]
[WhiteElo "1395"]
[BlackElo "1193"]
[PlyCount "34"]
[EventDate "2018.09.25"]
[EventType "swiss"]
[EventRounds "7"]
[EventCountry "DEN"]
[SourceTitle "EXT 2020"]
[Source "ChessBase"]
[SourceDate "2019.10.17"]
[SourceVersion "1"]
[SourceVersionDate "2019.10.17"]
[SourceQuality "1"]

1. e4 d5 2. exd5 Qxd5 3. Nc3 Qe5+ 4. Nge2 e6 5. a3 b6 6. d3 Qd6 7. Bf4 e5 8. Ne4 Qe7 9. Bg3 f5 10. N2c3 fxe4 11. Nxe4 Nc6 12. Qd2 g6 13. f3 Bh6 14. Qf2 Bg7 15. c3 Bb7 16. 0-0-0 Rd8 17. Be2 Na5 1/2-1/2

[Event "Helsingor Xtracon op"]
[Site "Helsingor"]
[Date "2018.07.28"]
[Round "9"]
[White "Gabrielsen, Rasmus Arvola"]
[Black "Hviid, Hans Henrik"]
[Result "1-0"]
[WhiteElo "1546"]
[BlackElo "1173"]
[PlyCount "67"]
[EventDate "2018.07.21"]
[EventType "swiss"]
[EventRounds "10"]
[EventCountry "DEN"]
[SourceTitle "CBM 185 Extra"]
[Source "ChessBase"]
[SourceDate "2018.07.29"]
[SourceVersion "1"]
[SourceVersionDate "2018.07.29"]
[SourceQuality "1"]

1. e4 e5 2. Nf3 d6 3. d4 exd4 4. Nxd4 c5 5. Bb5+ Nd7 6. Nf5 g6 7. Nxd6+ Bxd6 8. Qxd6 Qa5+ 9. Nc3 a6 10. Bxd7+ Bxd7 11. Qe5+ Kf8 12. Qxh8 Re8 13. 0-0 Bc6 14. Qxh7 Bxe4 15. Nxe4 Rxe4 16. Bh6+ Nxh6 17. Qxh6+ Ke7 18. Qg5+ Kf8 19. Rad1 Kg7 20. Qd5 Re2 21. Qc4 Re7 22. Qc3+ Qxc3 23. bxc3 Re2 24. Rc1 b5 25. Rfe1 Rd2 26. Red1 Re2 27. Rd6 a5 28. Rd5 b4 29. cxb4 axb4 30. Rxc5 Re8 31. Rc4 Rb8 32. Rb1 Ra8 33. Rb2 Re8 34. g3 1-0

[Event "Helsingor Xtracon op"]
[Site "Helsingor"]
[Date "2018.07.22"]
[Round "3"]
[White "Hviid, Hans Henrik"]
[Black "Warston, Hakan"]
[Result "0-1"]
[WhiteElo "1173"]
[BlackElo "1662"]
[PlyCount "68"]
[EventDate "2018.07.21"]
[EventType "swiss"]
[EventRounds "10"]
[EventCountry "DEN"]
[SourceTitle "CBM 185 Extra"]
[Source "ChessBase"]
[SourceDate "2018.07.29"]
[SourceVersion "1"]
[SourceVersionDate "2018.07.29"]
[SourceQuality "1"]

1. e4 e6 2. d4 d5 3. e5 c5 4. Nf3 Nc6 5. c3 Bd7 6. Be3 cxd4 7. Nxd4 Nxe5 8. Bf4 Ng6 9. Nb5 Nxf4 10. g3 Ng6 11. Qe2 Nf6 12. Bg2 Qb6 13. a4 a6 14. Nd4 Bc5 15. Qe3 0-0 16. b4 Bxd4 17. Qxd4 Qxd4 18. cxd4 Rac8 19. 0-0 Rc4 20. Nd2 Rxd4 21. Nb3 Rxb4 22. Nc5 Rc8 23. Rfc1 Bc6 24. Nd3 Rd4 25. Nc5 Nd7 26. a5 Nge5 27. Rab1 Nxc5 28. Rxc5 Rc4 29. Rxc4 Nxc4 30. Bf1 Nxa5 31. h4 Nc4 32. Bxc4 dxc4 33. Rc1 b5 34. Rc3 Rd8 0-1

[Event "Hillerod CC-ch C"]
[Site "Hillerod"]
[Date "2018.02.10"]
[Round "3"]
[White "Christoffersen, Micki Aron"]
[Black "Hviid, Hans Henrik"]
[Result "1-0"]
[WhiteElo "1417"]
[BlackElo "1232"]
[PlyCount "69"]
[EventDate "2018.01.15"]
[EventType "swiss"]
[EventRounds "7"]
[EventCountry "DEN"]
[SourceTitle "EXT 2024"]
[Source "ChessBase"]
[SourceDate "2023.10.10"]
[SourceVersion "1"]
[SourceVersionDate "2023.10.10"]
[SourceQuality "1"]

1. c4 e5 2. Nc3 Nc6 3. e4 Nf6 4. Nf3 d6 5. Be2 a6 6. d3 h6 7. 0-0 Be7 8. b3 0-0 9. Bb2 Bg4 10. Re1 Bxf3 11. Bxf3 Nd4 12. b4 c5 13. bxc5 dxc5 14. Nd5 Nxd5 15. exd5 Bd6 16. a4 Qb6 17. Rb1 Qc7 18. Bc3 Nxf3+ 19. Qxf3 f6 20. Rb2 Rae8 21. Qg4 f5 22. Qg6 Rf6 23. Qxe8+ Rf8 24. Qe6+ Kh8 25. Bxe5 Bxe5 26. Rxe5 Qa5 27. Rbe2 Qxa4 28. d6 Qb4 29. Qg6 Qc3 30. Re8 Qc1+ 31. Re1 Qxe1+ 32. Rxe1 Kg8 33. d7 Rd8 34. Re8+ Rxe8 35. dxe8R# 1-0

[Event "Hillerod CC-ch C"]
[Site "Hillerod"]
[Date "2018.01.28"]
[Round "2"]
[White "Hviid, Hans Henrik"]
[Black "Nielsen, Benny"]
[Result "1-0"]
[WhiteElo "1232"]
[BlackElo "1264"]
[PlyCount "70"]
[EventDate "2018.01.15"]
[EventType "swiss"]
[EventRounds "7"]
[EventCountry "DEN"]
[SourceTitle "EXT 2024"]
[Source "ChessBase"]
[SourceDate "2023.10.10"]
[SourceVersion "1"]
[SourceVersionDate "2023.10.10"]
[SourceQuality "1"]

1. e4 e5 2. Nf3 Nc6 3. d4 exd4 4. Nxd4 Nxd4 5. Qxd4 d6 6. Bh6 f6 7. Be3 c5 8. Qd5 Ne7 9. Bb5+ Bd7 10. Bxd7+ Qxd7 11. Qc4 0-0-0 12. Nc3 Kb8 13. 0-0-0 Ng6 14. Bxc5 Ne5 15. Qb4 Nc6 16. Qa3 Qc7 17. Nb5 Qa5 18. Qxa5 Nxa5 19. Bxa7+ Ka8 20. Bb6 Rc8 21. Bxa5 Rc5 22. Nc7+ Ka7 23. b4 Rc4 24. Ne6 Be7 25. Rd4 Rhc8 26. Rxc4 Rxc4 27. Nxg7 b6 28. Bxb6+ Kxb6 29. a3 Rxe4 30. Nf5 Kb5 31. Nxe7 Rxe7 32. Rd1 Re6 33. Kb2 Kc6 34. a4 Re4 35. Kc3 d5 1-0

[Event "Hillerod CC-ch C"]
[Site "Hillerod"]
[Date "2018.01.15"]
[Round "1"]
[White "Hviid, Hans Henrik"]
[Black "Hein, Jacob"]
[Result "0-1"]
[WhiteElo "1232"]
[BlackElo "1452"]
[PlyCount "150"]
[EventDate "2018.01.15"]
[EventType "swiss"]
[EventRounds "7"]
[EventCountry "DEN"]
[SourceTitle "EXT 2024"]
[Source "ChessBase"]
[SourceDate "2023.10.10"]
[SourceVersion "1"]
[SourceVersionDate "2023.10.10"]
[SourceQuality "1"]

1. e4 d6 2. Bc4 Nf6 3. Nc3 c6 4. Nf3 b5 5. Bb3 b4 6. Na4 Nxe4 7. d3 Nf6 8. 0-0 e6 9. Qe1 a5 10. Be3 Nbd7 11. c3 Ba6 12. Rd1 Ng4 13. cxb4 Nxe3 14. Qxe3 Be7 15. bxa5 Qxa5 16. Qd4 0-0 17. Rfe1 d5 18. Rc1 Bf6 19. Ne5 Nxe5 20. Rxe5 Bxd3 21. f4 Qa7 22. Qxa7 Rxa7 23. Ree1 Bd4+ 24. Kh1 Rc8 25. Red1 Be3 26. Rc3 Be2 27. Rxe3 Bxd1 28. Bxd1 c5 29. b3 c4 30. g3 cxb3 31. Rxb3 Rxa4 32. Rb2 Rd4 33. Bb3 g6 34. Kg2 Re4 35. h4 d4 36. Kf3 Re3+ 37. Kf2 Rcc3 38. Rd2 Rf3+ 39. Ke1 d3 40. Rg2 Kg7 41. Kd2 Rc5 42. Bd1 Rf1 43. Bb3 e5 44. fxe5 Rxe5 45. Kxd3 Rf3+ 46. Kd2 Ree3 47. Bd5 Rxg3 48. Rxg3 Rxg3 49. a4 Rg4 50. a5 Ra4 51. Ke3 Rxh4 52. a6 Ra4 53. Bb7 Kf6 54. Kf3 Ke5 55. Ke3 h5 56. Kf3 g5 57. Kg3 Kd6 58. Kf3 Kc7 59. Kg3 Kb6 60. Kf3 f5 61. Bc8 Ka7 62. Bxf5 Rf4+ 63. Kg3 Rxf5 64. Kh3 Rf3+ 65. Kg2 g4 66. Kh2 h4 67. Kg2 Rf7 68. Kh2 Kb6 69. Kg2 Kc5 70. Kh1 Kd4 71. Kh2 Rf2+ 72. Kg1 Ra2 73. Kf1 h3 74. Kg1 g3 75. Kh1 Ra1# 0-1

[Event "Hillerod Skjold Burne op"]
[Site "Hillerod"]
[Date "2017.10.16"]
[Round "1"]
[White "Eldor, Finn"]
[Black "Hviid, Hans Henrik"]
[Result "1-0"]
[WhiteElo "1384"]
[BlackElo "1270"]
[PlyCount "49"]
[EventDate "2017.10.03"]
[EventType "swiss"]
[EventRounds "4"]
[EventCountry "DEN"]
[SourceTitle "EXT 2024"]
[Source "ChessBase"]
[SourceDate "2023.10.10"]
[SourceVersion "1"]
[SourceVersionDate "2023.10.10"]
[SourceQuality "1"]

1. e4 e5 2. Nf3 Nc6 3. Bb5 d6 4. d4 Bd7 5. 0-0 Nf6 6. Nc3 a6 7. Ba4 b5 8. Bb3 Bg4 9. Be3 Na5 10. d5 Qd7 11. Bg5 Be7 12. Qd3 Nxb3 13. axb3 0-0 14. Nd2 h6 15. Bh4 c6 16. Nd1 cxd5 17. exd5 Bf5 18. Qe2 Bxc2 19. Ne3 e4 20. Nxc2 Qf5 21. Ne3 Qe5 22. f3 Qxb2 23. Qd1 Qd4 24. Bf2 exf3 25. Nf5 1-0

[Event "Helsingor Xtracon op"]
[Site "Helsingor"]
[Date "2017.07.30"]
[Round "10"]
[White "Hviid, Hans Henrik"]
[Black "Joensen, Sigurd"]
[Result "1/2-1/2"]
[WhiteElo "1263"]
[BlackElo "1567"]
[PlyCount "36"]
[EventDate "2017.07.22"]
[EventType "swiss"]
[EventRounds "10"]
[EventCountry "DEN"]
[SourceTitle "CBM 179 Extra"]
[Source "ChessBase"]
[SourceDate "2017.08.23"]
[SourceVersion "1"]
[SourceVersionDate "2017.08.23"]
[SourceQuality "1"]

1. e4 e5 2. Nf3 d6 3. h3 Nf6 4. Nc3 g6 5. Bc4 Qe7 6. d3 Be6 7. Bb5+ c6 8. Ba4 Na6 9. Be3 Bd7 10. a3 d5 11. exd5 cxd5 12. Bxd7+ Qxd7 13. Nxe5 Qc7 14. d4 Qb6 15. Rb1 Bg7 16. 0-0 0-0 17. Qf3 Nc7 18. Rfd1 Qe6 1/2-1/2

[Event "Helsingor Xtracon op"]
[Site "Helsingor"]
[Date "2017.07.27"]
[Round "7"]
[White "Hein, Jacob"]
[Black "Hviid, Hans Henrik"]
[Result "1-0"]
[WhiteElo "1479"]
[BlackElo "1263"]
[PlyCount "91"]
[EventDate "2017.07.22"]
[EventType "swiss"]
[EventRounds "10"]
[EventCountry "DEN"]
[SourceTitle "CBM 179 Extra"]
[Source "ChessBase"]
[SourceDate "2017.08.23"]
[SourceVersion "1"]
[SourceVersionDate "2017.08.23"]
[SourceQuality "1"]

1. e4 e5 2. Nf3 d6 3. h3 Nc6 4. c3 a6 5. d4 exd4 6. Nxd4 Nxd4 7. cxd4 g6 8. Be3 Bg7 9. Nc3 c6 10. Qd2 Qa5 11. a3 c5 12. Nd5 Qxd2+ 13. Bxd2 Kd8 14. Ba5+ Kd7 15. Nb6+ Kc6 16. Nxa8 Bxd4 17. Bc4 Nf6 18. 0-0 b5 19. Bd5+ Nxd5 20. exd5+ Kxd5 21. Nc7+ Kc6 22. Rae1 Bxb2 23. Re8 Rxe8 24. Nxe8 Kd7 25. Re1 Bxa3 26. Nf6+ Kc6 27. Re7 b4 28. Bd8 Bb2 29. Rc7+ Kb5 30. Ne4 Be6 31. Nxd6+ Ka4 32. Rxc5 Kb3 33. Kf1 Bc4+ 34. Rxc4 Ka3 35. Rc6 Ka2 36. Rxa6+ Ba3 37. Be7 b3 38. Nc4 b2 39. Nxb2 Kxb2 40. Rxa3 Kc2 41. Ke2 f5 42. Bf6 h6 43. Rc3+ Kb2 44. Kd3 Kb1 45. Kc4 Kb2 46. Rg3+ 1-0

[Event "Hillerod CC 1617 C"]
[Site "Hillerod"]
[Date "2017.03.07"]
[Round "7"]
[White "Hviid, Hans Henrik"]
[Black "Hansen, Hardy"]
[Result "0-1"]
[WhiteElo "1358"]
[BlackElo "1377"]
[PlyCount "84"]
[EventDate "2016.12.13"]
[EventType "tourn"]
[EventRounds "9"]
[EventCountry "DEN"]
[SourceTitle "EXT 2023"]
[Source "ChessBase"]
[SourceDate "2022.10.05"]
[SourceVersion "1"]
[SourceVersionDate "2022.10.05"]
[SourceQuality "1"]

1. e4 e5 2. Nf3 Nc6 3. Bc4 h6 4. c3 Nf6 5. d3 d6 6. h3 Bd7 7. Qb3 Na5 8. Bxf7+ Ke7 9. Qb4 Nc6 10. Qb3 Na5 11. Qd5 Nxd5 12. Bxd5 c6 13. Bb3 b5 14. Ng5 Qb6 15. Bd1 hxg5 16. Bxg5+ Ke8 17. h4 Be7 18. Be3 Qc7 19. b4 Nb7 20. h5 c5 21. bxc5 Nxc5 22. Be2 Na4 23. d4 Nxc3 24. Nd2 Nxe2 25. Kxe2 Bg4+ 26. f3 Bxh5 27. g4 Bf6 28. gxh5 Qf7 29. dxe5 Bxe5 30. f4 Bxa1 31. Rxa1 Rxh5 32. a4 Rh2+ 33. Kd3 Qh5 34. Rg1 Kf7 35. Re1 b4 36. Nf1 Ra2 37. Ng3 Qf3 38. Nf5 d5 39. Nd6+ Ke6 40. e5 Qg3 41. Rg1 Ra3+ 42. Kd4 Qxe3# 0-1

[Event "Hillerod Spar Nord op"]
[Site "Hillerod"]
[Date "2016.10.01"]
[Round "3"]
[White "Wennerberg, Thien"]
[Black "Hviid, Hans Henrik"]
[Result "0-1"]
[WhiteElo "1086"]
[BlackElo "1344"]
[PlyCount "68"]
[EventDate "2016.09.13"]
[EventType "swiss"]
[EventRounds "7"]
[EventCountry "DEN"]
[SourceTitle "EXT 2024"]
[Source "ChessBase"]
[SourceDate "2023.10.10"]
[SourceVersion "1"]
[SourceVersionDate "2023.10.10"]
[SourceQuality "1"]

1. e4 e5 2. Nf3 Nf6 3. Nxe5 Qe7 4. Nc4 Qxe4+ 5. Qe2 d6 6. Qxe4+ Nxe4 7. d3 Nc5 8. g3 f6 9. Be3 Nba6 10. Nc3 d5 11. Nxd5 Be6 12. Nf4 Bxc4 13. dxc4 Nb4 14. Rc1 Nxa2 15. Ra1 Nb4 16. Rc1 g5 17. Ng6 hxg6 18. Be2 Bd6 19. 0-0 0-0 20. c3 Nc6 21. Bxc5 Bxc5 22. Bd3 Ne5 23. Be4 c6 24. b3 f5 25. Bb1 a5 26. Rfe1 Ng4 27. Rc2 Rfe8 28. Rd1 Red8 29. Rxd8+ Rxd8 30. Rc1 Nxf2 31. Kf1 Rd1+ 32. Rxd1 Nxd1 33. Bc2 Nxc3 34. h3 Ne4 0-1

[Event "Helsingor Xtracon op"]
[Site "Helsingor"]
[Date "2016.07.25"]
[Round "4"]
[White "Kvaloy, Aksel Bu"]
[Black "Hviid, Hans Henrik"]
[Result "1-0"]
[WhiteElo "1533"]
[BlackElo "1367"]
[PlyCount "95"]
[EventDate "2016.07.23"]
[EventType "swiss"]
[EventRounds "10"]
[EventCountry "DEN"]
[SourceTitle "CBM 173 Extra"]
[Source "ChessBase"]
[SourceDate "2016.08.29"]
[SourceVersion "1"]
[SourceVersionDate "2016.08.29"]
[SourceQuality "1"]

1. e4 e5 2. Nf3 d6 3. d4 Nc6 4. Bb5 Bd7 5. Nc3 a6 6. Bxc6 Bxc6 7. dxe5 dxe5 8. Qxd8+ Rxd8 9. Nxe5 Bb4 10. Nxc6 Bxc3+ 11. bxc3 bxc6 12. 0-0 Nf6 13. Bf4 Rc8 14. Rab1 0-0 15. f3 Ne8 16. Rfd1 c5 17. Rd7 Nf6 18. Rxc7 Rxc7 19. Bxc7 Rc8 20. Rb8 Rxb8 21. Bxb8 Nd7 22. Ba7 c4 23. Kf2 Ne5 24. Bd4 Nc6 25. Ke3 f6 26. Kf4 Kf7 27. e5 g5+ 28. Ke4 fxe5 29. Bxe5 Ke6 30. Bc7 h6 31. g4 a5 32. a4 Kf6 33. Kd5 Ne7+ 34. Kxc4 Kg6 35. Bxa5 h5 36. h3 Nc6 37. Bc7 hxg4 38. hxg4 Kf6 39. a5 Ne5+ 40. Bxe5+ Kxe5 41. a6 Kf4 42. a7 Kxf3 43. a8Q+ Kxg4 44. Qg2+ Kh5 45. Kd5 g4 46. Ke5 Kh4 47. Kf4 g3 48. Qh1# 1-0

[Event "Hillerod Byturnering E"]
[Site "Hillerod"]
[Date "2016.05.10"]
[Round "2"]
[White "Hviid, Hans Henrik"]
[Black "Wennerberg, Thien"]
[Result "0-1"]
[WhiteElo "1380"]
[BlackElo "1100"]
[PlyCount "90"]
[EventDate "2016.04.26"]
[EventType "swiss"]
[EventRounds "7"]
[EventCountry "DEN"]
[SourceTitle "EXT 2024"]
[Source "ChessBase"]
[SourceDate "2023.10.10"]
[SourceVersion "1"]
[SourceVersionDate "2023.10.10"]
[SourceQuality "1"]

1. e4 e5 2. Nf3 Nc6 3. d4 d6 4. Bb5 Bd7 5. Bxc6 Bxc6 6. dxe5 Bxe4 7. Ng5 Bxg2 8. Rg1 Bc6 9. exd6 cxd6 10. Qe2+ Be7 11. Nf3 g6 12. b4 f6 13. Nd4 Qb6 14. c3 0-0-0 15. Nxc6 Qxc6 16. b5 Qd5 17. c4 Qe5 18. Bb2 Qxe2+ 19. Kxe2 d5 20. Ba3 dxc4 21. Bxe7 Nxe7 22. Nc3 f5 23. Rad1 Rxd1 24. Rxd1 Rd8 25. Rxd8+ Kxd8 26. Ke3 Kd7 27. Kd4 Ke6 28. Kxc4 h5 29. Kd3 Nd5 30. Nxd5 Kxd5 31. a4 b6 32. h4 f4 33. f3 Ke5 34. Kc4 Kf5 35. Kd5 g5 36. hxg5 h4 37. Kc6 h3 38. Kb7 h2 39. Kxa7 h1Q 40. Kxb6 Qxf3 41. a5 Qa8 42. a6 f3 43. Ka5 f2 44. b6 f1Q 45. b7 Qaxa6+ 0-1

[Event "Hillerod CC-ch C"]
[Site "Hillerod"]
[Date "2016.03.25"]
[Round "8"]
[White "Pedersen, Anders Hovgaard"]
[Black "Hviid, Hans Henrik"]
[Result "1-0"]
[WhiteElo "1544"]
[BlackElo "1374"]
[PlyCount "53"]
[EventDate "2016.01.05"]
[EventType "swiss"]
[EventRounds "9"]
[EventCountry "DEN"]
[SourceTitle "EXT 2024"]
[Source "ChessBase"]
[SourceDate "2023.10.10"]
[SourceVersion "1"]
[SourceVersionDate "2023.10.10"]
[SourceQuality "1"]

1. e4 e5 2. Nf3 Nf6 3. Nc3 d6 4. Bc4 c6 5. d4 b5 6. Bb3 Qb6 7. dxe5 dxe5 8. Nxe5 Be6 9. Bxe6 fxe6 10. Bg5 Bb4 11. Qf3 Bxc3+ 12. Qxc3 Nxe4 13. Qe3 Qa5+ 14. c3 Nf6 15. Qc5 Qc7 16. Rd1 Nd5 17. f4 Rf8 18. b3 Nxf4 19. Rd8+ Qxd8 20. Bxd8 Nxg2+ 21. Ke2 Nf4+ 22. Kd2 Nd5 23. c4 bxc4 24. bxc4 Rf4 25. cxd5 Kxd8 26. Qd6+ Ke8 27. Qxe6+ 1-0

[Event "Hillerod op"]
[Site "Hillerod"]
[Date "2015.10.20"]
[Round "7"]
[White "Hviid, Hans Henrik"]
[Black "Nielsen, Benny"]
[Result "1-0"]
[WhiteElo "1429"]
[BlackElo "1101"]
[PlyCount "92"]
[EventDate "2015.09.08"]
[EventType "swiss"]
[EventRounds "7"]
[EventCountry "DEN"]
[SourceTitle "EXT 2024"]
[Source "ChessBase"]
[SourceDate "2023.10.10"]
[SourceVersion "1"]
[SourceVersionDate "2023.10.10"]
[SourceQuality "1"]

1. e4 e5 2. Nf3 d6 3. h3 Nf6 4. Nc3 Be7 5. Bc4 0-0 6. Ng5 Nbd7 7. Nxf7 Rxf7 8. Bxf7+ Kxf7 9. Qf3 Kg8 10. d3 b6 11. 0-0 Bb7 12. Qg3 Nh5 13. Qg4 Nf4 14. Bxf4 Nf6 15. Qe6+ Kh8 16. Bg5 Bc8 17. Qc4 Nh5 18. Bxe7 Qxe7 19. Nd5 Be6 20. Nxe7 Bxc4 21. dxc4 Rf8 22. Nf5 Nf4 23. Kh2 c5 24. g3 Nh5 25. Nxd6 Nf6 26. Rad1 Kg8 27. Nf5 Nxe4 28. Ne7+ Kf7 29. Nc6 g5 30. Nxe5+ Ke6 31. Ng4 h5 32. Rde1 Kf5 33. Ne3+ Ke5 34. f4+ Kd6 35. Nd5 Nd2 36. Rf2 Nxc4 37. b3 Kxd5 38. bxc4+ Kxc4 39. Re3 Rd8 40. h4 Rd4 41. Re7 Kc3 42. Rg7 Rd2 43. Rxd2 Kxd2 44. f5 Kxc2 45. Rxg5 c4 46. f6 c3 1-0